000 00474nam a2200169Ia 4500
008 240729s9999 xx 000 0 und d
022 _a1751-8776
245 0 _aIET Optoelectronics
260 _aUnited Kingdom
260 _bWiley
650 _a Applied optics. Photonics
650 _a Engineering (General). Civil engineering (General)
650 _aTechnology
856 _uhttps://doaj.org/toc/beb5f3a3dccb408996f8062b8adac860
942 _2ddc
942 _cDOAJEJ
999 _c72641
_d72641
945 _a1
_bMadushi Gamage
_c1
_dMadushi Gamage